Aeroporti italiani più trafficati - Statistics

Statistiche generali
  • Questo quiz è stato fatto 155 volte
  • Il punteggio medio è 8 su 10
Statistiche sulle risposte
passeggeri aeroporti % Corretto
8 428 658 ROMA-FIUMICINO
95%
5 013 630 MILANO-MALPENSA
93%
2 121 825 MILANO-LINATE
88%
1 903 740 VENEZIA
82%
1 722 137 NAPOLI
79%
1 148 827 PALERMO
79%
1 799 032 BOLOGNA
76%
2 755 059 MILANO-BERGAMO
75%
1 738 962 CATANIA
70%
1 388 012 ROMA-CIAMPINO
69%
Nessun quiz corrispondente trovato
Distribuzione punteggi
Percentuale di utenti per punteggio
Percentile per numero di risposta
I tuoi punteggi nel tempo
Non hai fatto questo quiz